| 000 | 00855nam a2200205 i 4500 | ||
|---|---|---|---|
| 001 | 164347 | ||
| 003 | ES-MaACL | ||
| 005 | 20250808072356.0 | ||
| 008 | 991125s1880 fr |||| | fre d | ||
| 100 | 1 |
_aSaint-Simon, Louis de Rouvroy, _cduc de, _d1675-1755 _9132295 |
|
| 245 | 1 | 0 |
_aPapiers inédits du Duc de Saint-Simon _b: lettres et dépéches sur l'Ambassade d'Espagne : tableau de la Cour d'Espagne en 1721 / _cintroduction par Edouard Drumont. |
| 260 |
_aParis : _bA. Quantin, _c1880. |
||
| 300 |
_a411 p. ; _c24 cm. |
||
| 600 | 1 | 7 |
_aSaint-Simon, Louis de Rouvroy, _cduc de, _d1675-1755 _2 _9132295 |
| 651 | 4 |
_aFrancia- _xHistoria- _y1715-1792 _98702 |
|
| 651 | 4 |
_aEspaña- _xHistoria- _y1700-1746, Felipe V. _98237 |
|
| 700 | 1 |
_aDrumont, Edouard. _945685 |
|
| 852 |
_aES-MaACL _jF-10924 _z- Enc. pasta española |
||
| 999 |
_c164347 _d164347 |
||